| 000 | 00715nam a2200229 i 4500 | ||
|---|---|---|---|
| 001 | 115132 | ||
| 003 | ES-MaACL | ||
| 005 | 20250707062609.0 | ||
| 007 | t| | ||
| 008 | 070222s1907 sp ||||1| spa d | ||
| 080 | _a821.134.2-32"19" | ||
| 100 | 1 |
_aFerrándiz y Ruiz, José. _950280 |
|
| 245 | 1 | 3 |
_aEl "Dies Irae" de San Huberto _b: cuento / _cpor José Ferrándiz ; ilustraciones de Estevan. |
| 260 |
_aMadrid : _bEl Cuento Semanal, _c1907. |
||
| 300 |
_a18 p. : _bil. ; _c26 cm. |
||
| 490 | 1 |
_aEl cuento semanal ; _v46 |
|
| 500 | _aSin cubierta. | ||
| 700 | 1 |
_aEstevan, Enrique, _d1849-1927 _948126 |
|
| 830 | 0 | 3 |
_aEl cuento semanal _v46 _9185957 |
| 852 |
_aES-MaACL _jG-4440(20) |
||
| 999 |
_c115132 _d115132 |
||